000 01837cam a2200349Mi 4500
001 991106414902106196
005 20250922173527.0
008 140611s2015 enkbj e 000 1 eng
020 _a9781526664808
035 _a(UTL)10047151-01utoronto_inst
035 _a(SIRSI)10047151
035 _a(OCoLC)898451804
040 _aAU@
_beng
_cAU@
_dOCLCO
_dOCLCF
_dCaOTU
041 _aeng
050 4 _aPR6119 .H26
_bM56 2015
100 _aShannon, Samantha
_d1991-
_914383
_eauthor
245 1 4 _aThe mime order
_c/ Samantha Shannon.
250 _aPreferred text edition.
260 _aLondon :
_bBloomsbury,
_c2024
300 _a535 pages :
_bmaps, genealogical tables ;
_c24 cm.
490 _aThe bone season ;
_vb. 2
520 _aPaige Mahoney has escaped the brutal prison camp of Sheol I, but her problems have only just begun: many of the survivors are missing and she is the most wanted person in London...As Scion turns its all-seeing eye on the dreamwalker, the mime-lords and mime-queens of the city's gangs are invited to a rare meeting of the Unnatural Assembly. Jaxon Hall and his Seven Seals prepare to take centre stage, but there are bitter fault lines running through the clairvoyant community and dark secrets around every corner. Then the Rephaim begin crawling out from the shadows. But where is Warden? Paige must keep moving, from Seven Dials to Grub Street to the secret catacombs of Camden, until the fate of the underworld can be decided.
650 0 _aClairvoyance
_vFiction
_925940
650 0 _aPsychics
_vFiction
_925941
650 0 _aTelepathy
_xFiction
_911610
650 0 _aInsurgency
_vFiction
_925942
650 0 _aGovernment, Resistance to
_vFiction
_925943
651 0 _aLondon (England)
_vFiction
_924106
655 0 _aFantasy fiction
_922510
655 0 _aScience fiction
_922728
942 _2lcc
999 _c4973
_d4973